000 00823nam a22002297a 4500
005 20090630114039.0
008 090313t xxu||||| |||| 00| 0 eng d
010 _aENG-94295
020 _c250.00
_a9788120333352
035 _aEN-77828
037 _bDBAD / PUB
040 _adpl
_bEnglish
082 _a320.3
100 _aPalekar, S.A.
245 _aComparative politics and government /
_cby S.A. Palekar
260 _aNew Delhi
_bPHI Learning
_c2009
270 _aM-97 Connaught Circus
_bNew Delhi
_e110001
300 _av, 326p.
_c26cm(pbk)
650 _aComparative government
942 _2ddc
_cEN
_mPAL
_h320.3
999 _c27981
_d27981